00707nam a2200157Ia 4500008004100000100002200041245011000063245012900173260005300302260001800355300000800373650001500381856006100396999001900457952007300476170221s9999 xx 000 0 und d aNatalia A. Panova aManagement System of Information Technology Studies for the Students of Professional Development Courses  cNatalia A. Panova, Elena V. Bystritskaya, Irina Y. Burkhanova, Ramilya U. Arifulina, Sergei I. Aksyonov, Svetlana S. Ivanova bInternational Review of Management and Marketing cNovember 2014 a3:1 xMarketing. uhttp://www.econjournals.com/index.php/irmm/issue/view/64 c310253d310253 001040aCLbCLd2017-02-21l0r2017-02-21 00:00:00w2017-02-21yFOJ